Самые крупные острова мира - Statistics

General Stats
  • This quiz has been taken 4 times
  • The average score is 20 of 50
Answer Stats
Площадь Государство Остров % Correct
2 166 086 Дания Гренландия
100%
587 713 Мадагаскар Мадагаскар
100%
229 848 Великобритания Великобритания
100%
105 806 Куба Куба
100%
35 145 Папуа — Новая Гвинея Новая Британия
100%
785 753 Индонезия / Папуа — Новая Гвинея Новая Гвинея
75%
443 066 Индонезия Суматра
75%
145 836 Новая Зеландия Южный остров (Новая Зеландия)
75%
111 583 Новая Зеландия Северный остров (Новая Зеландия)
75%
78 719 Япония Хоккайдо
75%
76 600 Россия Сахалин
75%
76 480 Доминиканская Республика / Гаити Гаити
75%
65 268 Шри-Ланка Шри-Ланка
75%
48 904 Россия Северный остров (Новая Земля)
75%
35 883 Китайская Республика Тайвань
75%
33 246 Россия Южный остров (Новая Земля)
75%
748 168 Бруней / Индонезия / Малайзия Калимантан (Борнео)
50%
227 970 Япония Хонсю
50%
130 023 Индонезия Ява
50%
103 000 Исландия Исландия
50%
81 638 Ирландия / Великобритания Ирландия
50%
47 401 Аргентина / Чили Огненная Земля
50%
38 981 Норвегия Западный Шпицберген
50%
28 418 Восточный Тимор / Индонезия Тимор
50%
25 662 Италия Сицилия
50%
24 100 Италия Сардиния
50%
217 291 Канада Виктория
25%
180 681 Индонезия Сулавеси
25%
109 965 Филиппины Лусон
25%
108 860 Канада Ньюфаундленд
25%
64 519 Австралия Тасмания
25%
37 437 Япония Кюсю
25%
23 200 Россия Котельный (Новосибирские острова)
25%
18 545 Япония Сикоку
25%
507 451 Канада Баффинова Земля
0%
196 236 Канада Элсмир
0%
97 530 Филиппины Минданао
0%
70 028 Канада Банкс
0%
55 247 Канада Девон
0%
43 873 Нет, но Аргентина, Чили и Великобритания имеют территориальные претензии Беркнер
0%
43 178 Канада Аксель-Хейберг
0%
42 149 Канада Мелвилл
0%
41 214 Канада Саутгемптон
0%
40 100 Бразилия Маражо
0%
33 339 Канада Остров Принца Уэльского
0%
33 210 Китай Хайнань
0%
31 285 Канада Ванкувер
0%
24 786 Канада Сомерсет
0%
20 000 Бразилия Бананал
0%
49 070 Нет, но Аргентина, Чили и Великобритания имеют территориальные претензии Земля Александра I
0%
No matching quizzes found
Score Distribution
Percent of People with Each Score
Percentile by Number Answered
Your Score History
You have not taken this quiz